The Amazing Digital Circus Character Quiz - Statistics

General Stats
  • This quiz has been taken 252 times
  • The average score is 13 of 15
Answer Stats
Hint Answer % Correct
Ringmaster; Not Human Caine
99%
Likes to mess with people; don’t know much about his backstory Jax
99%
Crazy but also wise; used to work in C&A Kinger
98%
Character from above’s assistant Bubble
97%
Main character; was an accountant Pomni
96%
Always positive; used to work in real estate Ragatha
96%
Messed up parts; was a bartender and a tattoo artist Zooble
96%
Sad all the time; used to work in fastfood Gangle
93%
Queen of Gloinks The Gloink Queen
91%
Abstracted in episode 1 Kaufmo
89%
5th character’s wife Queenie
86%
Dog charatcer; possibly the head of C&A Scratch
72%
Appears in episode 6 twice; won the favorite character awards Ming
68%
Pretends to help them in episode 7 to escape Able
60%
Chocolate monster The Fudge
53%
No matching quizzes found
Score Distribution
Percent of People with Each Score
Percentile by Number Answered
Your Score History
You have not taken this quiz